Pour une philosophie de l'histoire

Saved in:
Bibliografiske detaljer
Hovedforfatter: Maritain, Jacques (autor)
Format: Bog
Sprog:fransk
Udgivet: París Du Seuil 1960
Fag:
Tags: Tilføj Tag
Ingen Tags, Vær først til at tagge denne postø!

MARC

LEADER 00000nam a2200000 a 4500
001 UCZ5799
003 CL-VaPUC
008 951124e19600000FR |||||||||||||||||fre|d
082 0 4 |a 930.01  |b MAR  |2 21 
100 |a Maritain, Jacques  |e autor  |9 255680 
245 1 0 |a Pour une philosophie de l'histoire 
300 |a 189 p 
942 |c BK 
945 |d 19951124 00:00:00  |a lriquelm 
260 |a París  |b Du Seuil  |c 1960 
650 0 |a Filosofía de la historia  |9 265651 
650 0 |a Historia y estudios conexos  |9 338055 
650 0 |a Lógica  |9 256849 
650 0 |a Escuelas filosóficas   |9 266232 
583 |a last modification  |c 19951124 00:00:00  |k Rodrigo Vera 
999 |c 242087  |d 242085 
952 |0 0  |1 0  |4 0  |6 930_010000000000000_MAR_1960  |7 0  |8 P  |9 254805  |a BIBEDU  |b BIBEDU  |c BIBEDU_PB  |d 2019-11-19  |i 157731K  |o 930.01 MAR 1960  |p 157731K  |r 2024-01-25  |w 2019-11-19  |y BK  |k FIL